000 00735nam a2200193 a 4500
008 120416s2001 ||||||||||||||||| || u
020 _a0750647221
050 _aQA 76.73.A8 Maw
100 _aMawdsley, I
245 1 0 _aAutocad 2000: an introductory course
260 _aOxford:
_bNewnes
_c2001.
300 _avii, 292 p. : ill.
350 _a0.00
650 _aCOMPUTER-AIDED DESIGN
650 _aTEXTBOOKS
650 _aCOMPUTING
995 _aSHORT LOAN BOOKS
_D0.00
_e734309
_FCBU-MAIN LIBRARY (Kitwe)
_H2
_I29.95
_jQA 76.73.A8 Maw
_M2
_UAVAILABLE
_WJul 14, 2006
_y46506
_ZShort Loan Collection
995 _aSHORT LOAN BOOKS
_D0.00
_e736728
_FCBU-MAIN LIBRARY (Kitwe)
_H1
_I29.95
_jQA 76.73.A8 Maw
_M1
_UAVAILABLE
_y40036
_ZShort Loan Collection
999 _c84474
_d84474